The Museum of Primitive Art : selected works from the collection, summer 1957 selected works from the collection, summer 1957
Descripción Física:
[27] pàg. : il. b/n ; 28 cm
Otros Autores:
Goldwater, Robert, 1907-1973
Materias:
Museum of Primitive Art (Nova York) -- Catàlegs
; Fons Joan Junyer i Pascual (1909-1994)
; Art primitiu -- Catàlegs
Idioma:
English
MARC
| LEADER | 00000nam a22000007a 4500 | ||
|---|---|---|---|
| 001 | 24861 | ||
| 003 | AGDB | ||
| 005 | 20260324181537.0 | ||
| 008 | 251022b -us||||| |||| 00| 0 eng d | ||
| 245 | |a The Museum of Primitive Art : |b selected works from the collection, summer 1957 | ||
| 260 | |a [New York] : |b The Museum of Primitive Art , |c cop. 1957 | ||
| 300 | |a [27] pàg. : |b il. b/n ; |c 28 cm | ||
| 500 | |a Prové del fons Joan Junyer i Pascual (1909-1994) | ||
| 610 | 0 | |a Museum of Primitive Art (Nova York) |x Catàlegs |9 53614 | |
| 650 | |a Fons Joan Junyer i Pascual (1909-1994) |9 72777 | ||
| 650 | 0 | |a Art primitiu |v Catàlegs |9 72647 | |
| 700 | |a Goldwater, Robert, |d 1907-1973 |9 72648 |e introducció | ||
| 710 | 2 | |a Museum of Primitive Art (New York, Nova York) |9 53613 | |
| 942 | |2 udc |c ARXIU |n 1 | ||
| 952 | |0 0 |1 0 |4 0 |6 F504130 |7 1 |9 98549 |a Arxiu |b Arxiu |d 2025-10-22 |l 0 |o F-504-130 |p 24861 |r 2025-10-22 13:22:44 |w 2025-10-22 |y ARXIU | ||
| 999 | |c 130300 |d 130300 | ||